Osobitosti financií vybraného podnikateľského subjektu národného hospodárstva bakalárska práca

Gespeichert in:
Bibliographische Detailangaben
1. Verfasser: Kašická, Alžbeta
Körperschaft: Národohospodárska fakulta EU. Katedra financií
Weitere Verfasser: Červeňová, Magdaléna, 1962-
Format: Buch
Sprache:Slowakisch
Veröffentlicht: Bratislava 2021
Tags: Tag hinzufügen
Keine Tags, Fügen Sie das erste Tag hinzu!

MARC

LEADER 00000nbm a2200000 4500
001 0275200
005 20211210124602.2
041 0 |a slo 
044 |a SK 
245 1 0 |a Osobitosti financií vybraného podnikateľského subjektu národného hospodárstva  |b bakalárska práca  |c Alžbeta Kašická ; školiteľ: Magdaléna Červeňová 
264 1 |a Bratislava  |c 2021 
300 |a 46 s. 
100 1 |a Kašická, Alžbeta 
700 1 |a Červeňová, Magdaléna, 1962- 
710 2 |a Národohospodárska fakulta EU. Katedra financií